<?xml version="1.0" encoding="UTF-8"?>
<record
    xmlns:xsi="http://www.w3.org/2001/XMLSchema-instance"
    xsi:schemaLocation="http://www.loc.gov/MARC21/slim http://www.loc.gov/standards/marcxml/schema/MARC21slim.xsd"
    xmlns="http://www.loc.gov/MARC21/slim">

  <leader>02926cam a2200361 i 4500</leader>
  <controlfield tag="001">19422179</controlfield>
  <controlfield tag="003">OSt</controlfield>
  <controlfield tag="005">20240503152101.0</controlfield>
  <controlfield tag="008">161222t20172017mauaa    b    001 0 eng c</controlfield>
  <datafield tag="010" ind1=" " ind2=" ">
    <subfield code="a">  2016052190</subfield>
  </datafield>
  <datafield tag="020" ind1=" " ind2=" ">
    <subfield code="a">9781633692763 </subfield>
  </datafield>
  <datafield tag="040" ind1=" " ind2=" ">
    <subfield code="a">MH/DLC</subfield>
    <subfield code="b">eng</subfield>
    <subfield code="c">AIMIT LIBRARY</subfield>
    <subfield code="e">rda</subfield>
    <subfield code="d">DLC</subfield>
  </datafield>
  <datafield tag="042" ind1=" " ind2=" ">
    <subfield code="a">pcc</subfield>
  </datafield>
  <datafield tag="050" ind1="0" ind2="0">
    <subfield code="a">BF637.S8</subfield>
    <subfield code="b">K84 2017</subfield>
  </datafield>
  <datafield tag="082" ind1="0" ind2="0">
    <subfield code="a">374.22</subfield>
    <subfield code="2">1</subfield>
    <subfield code="b">KUEC</subfield>
  </datafield>
  <datafield tag="100" ind1="1" ind2=" ">
    <subfield code="a">Kuenne, Chris,</subfield>
    <subfield code="9">30845</subfield>
  </datafield>
  <datafield tag="245" ind1="1" ind2="0">
    <subfield code="a">Built for growth :</subfield>
    <subfield code="b">how builder personality shapes your business, your team, and your ability to win /</subfield>
    <subfield code="c">By Chris Kuenne and John Danner.</subfield>
  </datafield>
  <datafield tag="250" ind1=" " ind2=" ">
    <subfield code="a">1st ed.</subfield>
  </datafield>
  <datafield tag="264" ind1=" " ind2="1">
    <subfield code="a">Boston, Massachusetts :</subfield>
    <subfield code="b">Harvard Business Review Press ,</subfield>
    <subfield code="c">2017.</subfield>
  </datafield>
  <datafield tag="300" ind1=" " ind2=" ">
    <subfield code="a">viii,269p. ;</subfield>
    <subfield code="b">HB</subfield>
    <subfield code="c">24.2 cm</subfield>
  </datafield>
  <datafield tag="336" ind1=" " ind2=" ">
    <subfield code="a">text</subfield>
    <subfield code="2">rdacontent</subfield>
  </datafield>
  <datafield tag="337" ind1=" " ind2=" ">
    <subfield code="a">unmediated</subfield>
    <subfield code="2">rdamedia</subfield>
  </datafield>
  <datafield tag="338" ind1=" " ind2=" ">
    <subfield code="a">volume</subfield>
    <subfield code="2">rdacarrier</subfield>
  </datafield>
  <datafield tag="504" ind1=" " ind2=" ">
    <subfield code="a">Includes bibliographical references and index.</subfield>
  </datafield>
  <datafield tag="520" ind1=" " ind2=" ">
    <subfield code="a">Many factors shape the success or failure of a new business, whether it's a stand-alone start-up or a new venture inside a larger corporation. But the most important and least understood of these factors is the personality of the builder--the founder or leader's particular combination of beliefs and preferences that drives his or her motivation, decision making, and leadership style. And it's the one factor you, as a business builder yourself, can directly control. This book decodes the interplay between builder personality and new business success or failure. Using a patented analytic methodology, authors Chris Kuenne and John Danner discovered four distinct types of highly successful "business builder" personalities--the Driver, the Explorer, the Crusader, and the Captain--each displaying special gifts and predictable gaps or shortcomings in growing their companies and new ventures. Built for Growth blends exclusive research findings, personal interviews, and experienced analysis to illustrate how each type handles the five dynamic challenges of building businesses of lasting value: converting an idea into reality, recruiting inspired talent, transforming buyers into partners, aligning financial and other supporters, and scaling the business. With vivid stories and practical tools, this book gives you unprecedented insight into the personalities of each Builder Type and how you can use that insight to assess yourself and others and improve your odds of success. Built for Growth is the ultimate guide for how to play to your strengths, complement and compensate for your gaps, and build successful businesses--from start-up to scale-up.--</subfield>
    <subfield code="c">Provided by publisher.</subfield>
  </datafield>
  <datafield tag="650" ind1=" " ind2="0">
    <subfield code="a">Businesspeople</subfield>
    <subfield code="x">Psychology.</subfield>
    <subfield code="9">30846</subfield>
  </datafield>
  <datafield tag="650" ind1=" " ind2="0">
    <subfield code="a">Success in business.</subfield>
    <subfield code="9">30847</subfield>
  </datafield>
  <datafield tag="650" ind1=" " ind2="0">
    <subfield code="a">Industrial management.</subfield>
    <subfield code="9">30848</subfield>
  </datafield>
  <datafield tag="700" ind1="1" ind2=" ">
    <subfield code="a">Danner, John,</subfield>
    <subfield code="9">30849</subfield>
  </datafield>
  <datafield tag="906" ind1=" " ind2=" ">
    <subfield code="a">7</subfield>
    <subfield code="b">cbc</subfield>
    <subfield code="c">orignew</subfield>
    <subfield code="d">1</subfield>
    <subfield code="e">ecip</subfield>
    <subfield code="f">20</subfield>
    <subfield code="g">y-gencatlg</subfield>
  </datafield>
  <datafield tag="942" ind1=" " ind2=" ">
    <subfield code="2">ddc</subfield>
    <subfield code="c">BK</subfield>
    <subfield code="e">1st</subfield>
    <subfield code="k">374.22 KUEC</subfield>
  </datafield>
  <datafield tag="999" ind1=" " ind2=" ">
    <subfield code="c">222547</subfield>
    <subfield code="d">222547</subfield>
  </datafield>
  <datafield tag="952" ind1=" " ind2=" ">
    <subfield code="0">0</subfield>
    <subfield code="1">0</subfield>
    <subfield code="2">ddc</subfield>
    <subfield code="4">0</subfield>
    <subfield code="7">0</subfield>
    <subfield code="8">MBA</subfield>
    <subfield code="a">AIMIT</subfield>
    <subfield code="b">AIMIT</subfield>
    <subfield code="c">GEN</subfield>
    <subfield code="d">2022-03-24</subfield>
    <subfield code="e">Biblios Book Point</subfield>
    <subfield code="g">1250.00</subfield>
    <subfield code="i">Bill no:6621; Bill dt:2022-03.22</subfield>
    <subfield code="l">0</subfield>
    <subfield code="o">374.22 KUEC</subfield>
    <subfield code="p">MBA14324</subfield>
    <subfield code="r">2026-05-23 00:00:00</subfield>
    <subfield code="v">1000.00</subfield>
    <subfield code="w">2022-04-21</subfield>
    <subfield code="y">BK</subfield>
  </datafield>
</record>
